000 00704nam a2200205 i 4500
001 36001
003 ES-MaACL
005 20230906155253.0
007 t|
008 030214s1966 sp ||||1| spa d
100 1 _aBrenner, Egon.
_931592
245 1 0 _aAnálisis de circuitos eléctricos /
_cEgon Brenner, Mansour Javid ; traducido y revisado por Joaquín Olivé Martín, Mario Cavestany García.
260 _aMadrid :
_bCastillo,
_c[1966]
300 _a715 p. :
_bil. ;
_c23 cm.
650 0 4 _aCircuitos eléctricos.
_911044
700 1 _aJavid, Mansour.
_966205
700 1 _aOlivé Martín, Joaquín.
_986788
700 1 _aCavestany García, Mario.
_937195
852 _aES-MaACL
_jC-30247
_bR.60161
999 _c36001
_d36001